000 00740nam a2200265Ia 4500
003 OSt
005 20221006160139.0
006 a|||||r|||| 00| 0
007 ta
008 221006b |||||||| |||| 00| 0 eng d
020 _a9781565912533
_c
_39.50
024 _a44,432
037 _bGift, KCC (Window on Korea)
_cTextual
040 _aEASL
_cEASL
_beng
041 _2eng
_aeng
082 _aM31.495, P7
100 _aHam Kiyung
_9672100
245 0 _aBeauty of Korean food
_b With 100Best -loved recipes
260 _aSeoul
_bHollym
_c2007
300 _a261p.
_ccm.
490 _v KEL
650 _aKEL
942 _hM31.495, P7
_cTEXL
_2CC
999 _c1112524
_d1112524